000 00286 a2200145 4500
001 169184
020 _a
040 _cMagnum
100 _aBorder, Rosemary
240 1 0 _aThe piano
_lING
245 1 0 _aThe piano
362 0 _a1899
697 _aLITERATURA ESTRANGEIRA
942 _cBK
999 _c169184
_d169184